Statistics for Eminem’s Best 75 Songs(My Opinion)

Click here to take the quiz!

General Stats

  • This quiz has been taken 59 times
  • The average score is 26 of 75

Answer Stats

RankAnswer% Correct
53Godzilla
88%
8The Real Slim Shady
88%
1Lose Yourself
83%
21Love the Way You Lie
83%
4Stan
83%
24My Name Is
79%
29Not Afraid
79%
14Without Me
79%
44Rap God
76%
47The Monster
74%
13Mockingbird
71%
10Till’ I Collapse
67%
5The Way I Am
60%
45Venom
60%
12Sing for the Moment
50%
2When I’m Gone
48%
9White America
48%
3Beautiful
45%
49Killshot
45%
33Kill You
43%
16Business
40%
23Cleanin’ Out My Closet
40%
15Hailie’s Song
40%
26Just Lose It
40%
11Role Model
40%
20Soldier
40%
17Like Toy Soldiers
38%
34Guilty Conscience
36%
39Lucky You
36%
74Berzerk
33%
59Brain Damage
33%
62Marshall Mathers
33%
6No Love
33%
31Drug Ballad
31%
50Fall
31%
60Headlights
31%
7Rock Bottom
31%
65Who Knew
31%
25Criminal
29%
67Forever
29%
27Still Don’t Give a Fuck
26%
40‘97 Bonnie & Clyde
24%
32Darkness
24%
55Infinite
24%
37Just Don’t Give a Fuck
24%
69Lighters
24%
71Say Goodbye Hollywood
24%
57Square Dance
24%
54Bad Guy
21%
73Castle
21%
30Deja Vu
21%
64Fast Lane
21%
36The Ringer
21%
75When the Music Stops
21%
358 Mile
19%
70Arose
19%
28Bitch Please II
19%
51Gnat
19%
46Mosh
19%
56Legacy
17%
38Rabbit Run
14%
63Yellow Brick Road
14%
48Going Through Changes
12%
42Love Game
12%
72Stimulate
12%
61The Kids
12%
68Murder, Murder
10%
66Nail In the Coffin
7%
41No Apologies
7%
22You Don’t Know
7%
18Detroit Vs. Everybody
5%
52From the D to the LBC
5%
58Groundhog Day
5%
43Hellbound
5%
19The Sauce
5%

Score Distribution

Percentile by Number Answered

Percent of People with Each Score

Your Score History

You have not taken this quiz